Adivasi Art Activism: (Record no. 205253)

MARC details
000 -LEADER
fixed length control field 00583nam a22001817a 4500
005 - DATE AND TIME OF LATEST TRANSACTION
control field 20240823142129.0
010 ## - LCCN (DPL NO)
LC control number ENG-141441
020 ## - INTERNATIONAL STANDARD BOOK NUMBER
International Standard Book Number 9788178246864
Terms of availability 795.00
035 ## - SYSTEM CONTROL NUMBER
System control number EN-124973
037 ## - SOURCE OF ACQUISITION
Source of stock number/acquisition DBAD
082 ## - DEWEY DECIMAL CLASSIFICATION NUMBER
Classification number 790.092
100 ## - MAIN ENTRY--PERSONAL NAME
Personal name Tilche, Alice
245 ## - TITLE STATEMENT
Title Adivasi Art Activism:
Remainder of title Curation in a National Age/
Statement of responsibility, etc By Alice Tilche
260 ## - PUBLICATION, DISTRIBUTION, ETC. (IMPRINT)
Place of publication, distribution, etc Ranikhet
Name of publisher, distributor, etc Permanent Black
Date of publication, distribution, etc 2023
270 ## - ADDRESS
Address 'Himalayana', Mall Road, Ranikhet Cantt
Postal code 263645
City Ranikhet
Electronic mail address perblack@gmail.com
300 ## - PHYSICAL DESCRIPTION
Extent viii,244p.
Dimensions 23cm (pb)
942 ## - ADDED ENTRY ELEMENTS (KOHA)
Source of classification or shelving scheme Dewey Decimal Classification
Item type English Books
Classification part 790.092
Call number suffix TIL
Holdings
Withdrawn status Lost status Not for loan Collection code Home library Current library Date acquired Source of acquisition Cost, normal purchase price Full call number Barcode Copy number Cost, replacement price Koha item type
      Non-fiction Shahdara Branch Shahdara Branch 23/08/2024 DBAD 795.00 790.092 TIL EN-124973 1 795.00 English Books

© Delhi Public Library
Hit Counter
free hit counter